| 000 | 00828nam a2200205 i 4500 | ||
|---|---|---|---|
| 001 | 114426 | ||
| 003 | ES-MaACL | ||
| 005 | 20230906190144.0 | ||
| 007 | t| | ||
| 008 | 070228s1933 sp ||||1| spa d | ||
| 110 | 2 |
_aEscuela de Altos Estudios Mercantiles de Bilbao. _93520 |
|
| 245 | 1 | 0 |
_aCátedra de Política Económica, curso 1933-34 _b: Programa (parte general) / _cEscuela de Altos Estudios Mercantiles, Bilbao ; con un proemio de Ildefonso Cuesta Garrigós. |
| 260 |
_aMadrid : _b[s.n.], _c1933 ( _fSalvador Cuesta) |
||
| 300 |
_aXV, 29 p. ; _c22 cm. |
||
| 490 | 1 |
_aPublicaciones del Seminario de Política Económica ; _v2 |
|
| 700 | 1 |
_aCuesta Garrigós, Ildefonso. _942059 |
|
| 830 | 0 |
_aPublicaciones del Seminario de Política Económica ; _v2 _9185759 |
|
| 852 |
_aES-MaACL _j1839-F-12 |
||
| 999 |
_c114426 _d114426 |
||